000 00630nam a2200217Ia 4500
003 OSt
005 20230601171351.0
008 210423s2006 xx 000 0 und d
040 _cAL
041 _aeng
082 _a658.4022
_223
_bLENO
100 _aLENCIONI (Patrick)
_9118340
245 _aOvercoming the five dysfunctions of a team: a field guide
260 _aSan Francisco
_bWiley India Pvt Ltd
_c2006
300 _a156
_bPB
365 _b249
_cINR
650 _aExecutive Management
_9118341
650 _aManagement
_9118342
906 _adysfunctions ; field ; five ; guide ; Overcoming ; team:
942 _2ddc
_cBK
999 _c175582
_d175582